Aktualizovaný zoznam podnikov zaradených do 2. vlny privatizácie (k 31.12.1992)

Zoznam podnikov usporiadaný podľa rezortov s uvedením sídla organizácie a hodnoty majetku v mil. Sk (519 štátnych podnikov v hodnote 193 mld Sk má byť privatizovaných štandardnými metódami - verejná súťaž a priamy predaj, zamestnanecké účastiny. Kupónová privatizácia ako doplnková.

Gespeichert in:
Bibliographische Detailangaben
Format: Buchkapitel
Sprache:Slowakisch
Schlagworte:
Tags: Tag hinzufügen
Keine Tags, Fügen Sie das erste Tag hinzu!

MARC

LEADER 00000naa a2200000 4500
001 r014462
005 20221213123331.3
041 0 |a slo 
044 |a SK 
245 1 0 |a Aktualizovaný zoznam podnikov zaradených do 2. vlny privatizácie (k 31.12.1992) 
520 |a Zoznam podnikov usporiadaný podľa rezortov s uvedením sídla organizácie a hodnoty majetku v mil. Sk (519 štátnych podnikov v hodnote 193 mld Sk má byť privatizovaných štandardnými metódami - verejná súťaž a priamy predaj, zamestnanecké účastiny. Kupónová privatizácia ako doplnková. 
610 2 0 |a privatizácia 
610 2 0 |a Slovensko 
610 2 0 |a 1993 
610 2 0 |a podnik 
610 2 0 |a organizácie 
610 2 0 |a súpisy 
610 2 0 |a predaj priamy